000 00405nam a2200157 4500
001 123606
003 ES-MaACL
005 20230906192215.0
007 t|
008 070214s1972 sp r ||||1| baq d
100 1 _aQuintana, Javier.
_994663
245 1 0 _aBehin batean /
_cJavier Quintana.
260 _aDonostia :
_bLur,
_c1972.
300 _a155 p. ;
_c18 cm.
852 _aES-MaACL
_jC-52709
_bR.82124
999 _c123606
_d123606